1166 1611 1178 1879 1457 1761 1251 1807 1095 1342 1004 1607 1666 1721 1784 1292 1611 1439 1898 1576 1780 1290 1330 1399 1733 1640 1560 1873 1655 1411 1014 1390 1605 1416 1146 1858 1328 1957 1243 1084 1096 1714 1971 1884 1180 1064 1997 1821 1283 1105 1228 1356 1109 1214 1669 1330 1022 1422 1631 1618 1599 1007 1137 1198 1064 1851 1265 1849 1520 1729 1361 1954 1102 1377 1681 1545 1678 1877 1381 1237 1378 1738 1295 1018 1650 1003 1806 1395 1333 1641 1768 1295 1739 1261 1246 1565 1587 1267 1889 BCNSPRNW ULIB Ver.6.0+V

เปลี่ยนเป็นภาษาไทย

Change to English
 แสดงรายละเอียดบรรณานุกรม
  กลับหน้าหลัก

Brief Record : Get Marc (ISO 2709) : E-mail record : QR code < ปิดหน้าต่าง
LEADER : 00000nam 2200000uu 4500
001    13399126120
003     ULIB
008    180611s2014||||th 000 0 tha d
020    ^a9781438002965 (pbk.)
050 00 ^aPE1128^bM3544B
100 1  ^aMatthiesen, Steven J.,^eauthor.
245 10 ^aBarron essential words for the TOEFL : test of Englishas a foreign language /^bSteven J. Matthiesen.
246 30 ^aEssential words for the TOEFL
250    ^a6th edition.
260    ^aNew York^bBarron Educational Series,Inc^c2014
300    ^a344 pages ;^c23 cm
500    ^aPrevious edition:^b2011.
500    ^aIncludes index.
650  0 ^aTest of English as a Foreign Language^vStudy guides.
650  0 ^aEnglish language^vTextbooks for foreign speakers.
650  0 ^aEnglish language^xExaminations^vStudy guides.
650  0 ^aVocabulary^xExaminations^vStudy guides.
945    ^p420^l0^i004208
945    ^p420^l0^i004209
999    ^aวรรณษา ชูชัยมงคล
รายการนี้ยังไม่มีแท็ก
คุณยังไม่ได้ล็อกอิน คุณสามารถมีกิจกรรมร่วมกับเว็บไซต์ได้ แต่ต้องล็อกอินก่อน ::
  ล็อกอิน

รายการสื่อสารสนเทศ

ลำดับที่ ประเภท เลขเรียก/บาร์โค้ด สถานที่ สถานะ
1. วิทยาศาสตร์การแพทย์ และสุขภาพ
หนังสือสำรอง
สถานะ=หนังสือสำรอง
PE1128 M3544B ฉ.1 
  Barcode: 004208
ห้องสมุดวิทยาเขตนครสวรรค์
►นวนิยาย:l:Fiction
บนชั้น
2. วิทยาศาสตร์การแพทย์ และสุขภาพ
วิทยาศาสตร์การแพทย์ และสุขภาพ
PE1128 M3544B ฉ.2 
  Barcode: 004209
ห้องสมุดวิทยาเขตนครสวรรค์
►นวนิยาย:l:Fiction
บนชั้น

BibComment


ยังไม่เคยถูกคอมเมนท์

คอมเมนท์ทรัพยากรรายการนี้
  คอมเมนท์: Barron essential..


 Copyright 2026. Bcnsprnw @Library